000 00665nam a22001811cc4500
001 a987691577+Band2
035 _aa987691577
008 190315s2018 gw |||| 000u ger d
020 _a9783835332683
_9978-3-8353-3268-3
245 0 0 _aAktion 1005 - Spurenbeseitigung von NS-Massenverbrechen 1942 - 1945
_nBand 2
264 _aGöttingen :
_bWallstein Verlag,
_c2018
300 _aSeiten 648-1380
246 1 2 _aAktion 1005 - Spurenbeseitigung von NS-Massenverbrechen 1942 - 1945 : eine "geheime Reichssache" im Spannungsfeld von Kriegswende und Propaganda
_nBand 2
773 0 8 _wa987691577
_qBand2
942 _cMG
040 _cRU-10907106
003 RU-10907106
999 _c52989
_d52989